Přidaná hodnota ekonomické přidané hodnoty
Porovnanie ukazovateľa EVA (ekonomická pridaná hodnota) s používanou metódou čistej súčasnej hodnoty (NPV). Čo nové prináša vlastníkom nová metóda (EVA), v čom spočíva.
Gespeichert in:
| 1. Verfasser: | |
|---|---|
| Format: | Buchkapitel |
| Sprache: | Tschechisch |
| Schlagworte: | |
| Tags: |
Keine Tags, Fügen Sie das erste Tag hinzu!
|
MARC
| LEADER | 00000naa$a2200000$$$4500 | ||
|---|---|---|---|
| 001 | 0042737 | ||
| 005 | 20221128095130.1 | ||
| 041 | 0 | |a cze | |
| 044 | |a SK | ||
| 245 | 1 | 0 | |a Přidaná hodnota ekonomické přidané hodnoty |c Pavel Dolák |
| 520 | |a Porovnanie ukazovateľa EVA (ekonomická pridaná hodnota) s používanou metódou čistej súčasnej hodnoty (NPV). Čo nové prináša vlastníkom nová metóda (EVA), v čom spočíva. | ||
| 610 | 2 | 0 | |a podnik |
| 610 | 2 | 0 | |a hodnota pridaná ekonomická |
| 610 | 2 | 0 | |a ukazovateľ EVA |
| 610 | 2 | 0 | |a investície kapitálové |
| 100 | 1 | |a Dolák, Pavel | |